000 00313nam a22001337a 4500
008 180921b xxu||||| |||| 00| 0 eng d
020 _a9780323014823
041 _aeng
080 _24 ED
_a610.73
100 _a3
101 _aNUR
245 _aPsychatric Nursing Crae Plans
_cFortinas.K.M
942 _2udc
_cBK
999 _c48167
_d48167